[Event "AUTO-INT-3589"]
[Site "http://www.queenalice.com/game.php?id=1629409"]
[Date "2020.10.9"]
[Round "1"]
[White "Tikitaka"]
[Black "IMONTELO"]
[Result "0-1"]
[WhiteElo "1317"]
[BlackElo "1611"]

1. e4 e5 2. Nf3 Qf6 3. Nc3 Nc6 4. Bb5 Bb4 5. d3 Qg6 6. O-O d6 7. Bxc6+ bxc6 8.
Bd2 h5 9. a3 Bxc3 10. Bxc3 h4 11. Bd2 Bh3 12. Nxh4 Rxh4 0-1

[Event "AUTO-INT-3589"]
[Site "http://www.queenalice.com/game.php?id=1629414"]
[Date "2020.10.9"]
[Round "1"]
[White "Givanildo"]
[Black "Tikitaka"]
[Result "1-0"]
[WhiteElo "1568"]
[BlackElo "1292"]

1. d4 d5 2. Bf4 Nf6 3. h3 Nc6 4. e3 g6 5. Bb5 Bg7 6. Ne2 Bd7 7. O-O O-O 8. Bxc6
Bxc6 9. Ng3 e6 10. a4 h6 11. Be5 Nd7 12. Bxg7 Kxg7 13. Nc3 1-0

[Event "AUTO-INT-3589"]
[Site "http://www.queenalice.com/game.php?id=1629415"]
[Date "2020.10.9"]
[Round "1"]
[White "Tikitaka"]
[Black "Givanildo"]
[Result "0-1"]
[WhiteElo "1297"]
[BlackElo "1563"]

1. e4 d5 2. exd5 Qxd5 3. Nc3 Qe5+ 4. Qe2 Qxe2+ 5. Bxe2 Bf5 6. d3 e6 7. Nf3 h6 8.
O-O Bd6 9. Nh4 Bh7 10. Be3 Ne7 11. Bf3 Nd7 12. g3 O-O 0-1

[Event "AUTO-INT-3700"]
[Site "http://www.queenalice.com/game.php?id=1769149"]
[Date "2021.9.8"]
[Round "1"]
[White "juliobragatecbr"]
[Black "Tikitaka"]
[Result "1-0"]
[WhiteElo "1879"]
[BlackElo "1514"]

1. e4 e6 2. d4 d5 3. e5 Nc6 4. Nf3 Bb4+ 5. c3 Ba5 6. b4 Bb6 7. Bb5 Bd7 8. O-O a6
9. Ba4 h6 10. Be3 Nge7 11. Nbd2 O-O 12. Qe2 Nxd4 13. Bxd4 Bxa4 14. Bxb6 cxb6 15.
c4 dxc4 16. Rac1 c3 17. Rxc3 Qd5 18. a3 Bb5 19. Qe1 Bxf1 20. Qxf1 Nc6 21. Rd3
Qb5 22. Rd7 Qxf1+ 23. Kxf1 Rab8 24. Nc4 b5 25. Nd6 b6 26. Rc7 Nd8 27. Ra7 a5 28.
bxa5 Nc6 29. Rb7 Rxb7 30. Nxb7 bxa5 31. Ke2 b4 32. axb4 axb4 33. Nd2 Nxe5 34.
Nc5 Rc8 35. Na6 Nc6 36. Kd3 Ra8 37. Nc5 e5 38. Kc4 Ra2 39. Ncb3 Rc2+ 40. Kd3
Rc3+ 41. Ke4 f6 42. f4 Rc2 43. fxe5 Nxe5 44. h3 Nc4 45. Kd3 Rc3+ 46. Kd4 Nxd2
47. Nxd2 Rc2 48. Kd3 b3 49. g4 Kf7 50. Nxb3 Rh2 51. Ke4 Rxh3 52. Nd4 Kg6 53. Kf4
h5 54. gxh5+ Rxh5 55. Ne2 Rf5+ 56. Kg4 Rc5 57. Nf4+ Kf7 58. Nd3 Rc4+ 59. Kf3 Rc3
60. Ke2 Rxd3 61. Kxd3 Ke6 62. Ke4 g5 63. Kf3 Kf5 64. Kg3 g4 65. Kf2 Kf4 66. Kg2
f5 67. Kf2 g3+ 68. Kg2 Kg4 69. Kf1 Kf3 70. Kg1 f4 71. Kh1 Kg4 72. Kg2 f3+ 73.
Kg1 Kh3 74. Kh1 Kg4 75. Kg1 f2+ 76. Kg2 Kf4 77. Kf1 Ke3 78. Kg2 Ke2 79. Kxg3
f1=Q 80. Kg4 Qf6 81. Kg3 Qg5+ 82. Kh3 1-0

[Event "AUTO-INT-3700"]
[Site "http://www.queenalice.com/game.php?id=1769150"]
[Date "2021.9.8"]
[Round "1"]
[White "Tikitaka"]
[Black "juliobragatecbr"]
[Result "1-0"]
[WhiteElo "1446"]
[BlackElo "1819"]

1. d4 d5 2. Nf3 Nc6 3. e3 Bf5 4. Bb5 a6 5. Bxc6+ bxc6 6. Nc3 e6 7. O-O Bb4 8.
Bd2 Nf6 9. a3 Ba5 10. Ne5 O-O 11. Nxc6 Qd6 12. Nxa5 Ng4 13. g3 Qb6 14. Nb3 a5
15. Nc5 Qxb2 16. a4 Qxc2 17. Qxc2 Bxc2 18. Rac1 Bg6 19. h3 Nf6 20. Ne2 Ne4 21.
Nxe4 Bxe4 22. Rxc7 Bd3 23. Re1 Bxe2 24. Rxe2 Rfb8 25. Rc5 Rb2 26. Kf1 h6 27.
Rxa5 Rxa5 28. Bxa5 Rxe2 29. Kxe2 Kf8 30. Bb6 Ke8 31. a5 Kd7 32. a6 Kc8 33. a7
Kb7 34. Kd3 f5 35. g4 g6 36. f3 Ka8 37. e4 fxe4+ 38. fxe4 h5 39. exd5 exd5 40.
Ke3 hxg4 41. h4 Kb7 42. Kf4 g3 43. Kxg3 Ka8 44. Kg4 Kb7 45. Kg5 Ka8 46. Kxg6 Kb7
47. h5 1-0

[Event "AUTO-INT-3700"]
[Site "http://www.queenalice.com/game.php?id=1769165"]
[Date "2021.9.8"]
[Round "1"]
[White "jenyasm"]
[Black "Tikitaka"]
[Result "0-1"]
[WhiteElo "1633"]
[BlackElo "1311"]

1. e4 e6 2. d4 d5 3. e5 Nc6 4. c3 Be7 5. Nf3 f6 6. Bf4 fxe5 7. Bxe5 Nxe5 8. Nxe5
Nf6 9. Bb5+ Bd7 10. Bxd7+ Nxd7 11. Qe2 O-O 12. O-O Nxe5 13. Qxe5 Qd7 14. Nd2 Rf5
15. Qg3 Bd6 16. Qd3 Qe7 17. Nf3 Raf8 18. Rae1 Rxf3 19. Re3 R3f5 20. f3 Rh5 21.
h3 Qg5 22. Kf2 Qg3+ 23. Ke2 Qxg2+ 24. Rf2 Qxh3 25. Qb5 Bh2 0-1

[Event "AUTO-INT-3700"]
[Site "http://www.queenalice.com/game.php?id=1769166"]
[Date "2021.9.8"]
[Round "1"]
[White "Tikitaka"]
[Black "jenyasm"]
[Result "1-0"]
[WhiteElo "1340"]
[BlackElo "1604"]

1. d4 d5 2. Nf3 Nf6 3. Bf4 e6 4. e3 Bd6 5. c3 O-O 6. Bg3 h6 7. Nbd2 b6 8. Bd3
Bb7 9. O-O Bxg3 10. fxg3 Nbd7 11. b4 a6 12. a4 Qe7 13. a5 b5 14. Qe2 c6 15. Nb3
Bc8 16. e4 Ng4 17. exd5 cxd5 18. Rac1 f5 19. h3 Ngf6 20. Ne5 Nxe5 21. Qxe5 Nd7
22. Qe2 Qg5 23. Qf3 Nf6 24. Nc5 Nh5 25. g4 fxg4 26. Qxf8# 1-0

[Event "AUTO-INT-3700"]
[Site "http://www.queenalice.com/game.php?id=1769175"]
[Date "2021.9.8"]
[Round "1"]
[White "dimitridruloza2012"]
[Black "Tikitaka"]
[Result "0-1"]
[WhiteElo "1722"]
[BlackElo "1397"]

1. d4 g6 2. e3 Nf6 3. Nc3 Bg7 4. Nf3 d5 5. Ne5 e6 6. Qf3 O-O 7. Bd3 Nc6 8. Bd2
Nxe5 9. dxe5 Nd7 10. O-O-O Nxe5 11. Qe2 c5 12. e4 d4 13. Nb5 a6 14. Na3 b5 15.
f4 Nxd3+ 16. Qxd3 c4 17. Qg3 Qc7 18. Bb4 Bh6 19. Qh4 Bxf4+ 20. Kb1 Bd6 21. Bxd6
Qxd6 22. Qf6 Rd8 23. Rhf1 Ra7 24. e5 Qb4 25. c3 Qc5 26. Qxd8+ Kg7 27. cxd4 Qc6
28. Nc2 Rd7 29. Qg5 a5 30. h4 b4 31. h5 b3 32. Na3 f5 33. hxg6 hxg6 34. Qf6+ Kg8
35. Qxg6+ Rg7 36. Qf6 c3 37. axb3 Rxg2 38. Nc4 c2+ 39. Ka2 cxd1=Q 40. Rxd1 a4
41. Rc1 axb3+ 42. Kb1 Qe4+ 43. Ka1 Qc2 44. Qd8+ Kh7 45. Rxc2 Rg1+ 46. Rc1 Rxc1#
0-1

[Event "AUTO-INT-3700"]
[Site "http://www.queenalice.com/game.php?id=1769176"]
[Date "2021.9.8"]
[Round "1"]
[White "Tikitaka"]
[Black "dimitridruloza2012"]
[Result "1-0"]
[WhiteElo "1367"]
[BlackElo "1752"]

1. d4 d6 2. Nf3 Nf6 3. Bf4 Bg4 4. e3 Nc6 5. c3 Ne4 6. Be2 Bxf3 7. Bxf3 d5 8.
Bxe4 dxe4 9. Nd2 f5 10. O-O e6 11. f3 Bd6 12. fxe4 Bxf4 13. Rxf4 Qg5 14. exf5
exf5 15. Nf3 Qf6 16. Qc2 g6 17. e4 h5 18. exf5 O-O-O 19. Re1 g5 20. Re6 Qf7 21.
Nxg5 Qg7 22. h4 Nxd4 23. Rxd4 Rxd4 24. f6 Qf8 25. cxd4 Qb4 26. f7 Qxd4+ 27. Kf1
Qxh4 28. Re8+ Kd7 29. Qf5+ Kc6 30. Re6+ Kd7 31. Qd5+ Kc8 32. Re8+ Rxe8 33.
fxe8=Q# 1-0

[Event "AUTO-OPEN-4311"]
[Site "http://www.queenalice.com/game.php?id=1770568"]
[Date "2021.9.23"]
[Round "1"]
[White "Canaye"]
[Black "Tikitaka"]
[Result "1-0"]
[WhiteElo "1827"]
[BlackElo "1424"]

1. d4 d5 2. c4 Nf6 3. Nc3 Bf5 4. cxd5 Nxd5 5. Nxd5 Qxd5 6. e3 g6 7. Nf3 Bg7 8.
Be2 Nc6 9. O-O O-O 10. Re1 Bg4 11. h3 Bxf3 12. Bxf3 Qd7 13. Bd2 e6 14. Rc1 Rab8
15. a3 a6 16. Bxc6 bxc6 17. b4 e5 18. dxe5 Bxe5 19. Qc2 Bg7 20. Bc3 Bxc3 21.
Qxc3 Rb6 22. Red1 Qe6 23. a4 a5 24. bxa5 Rb3 25. Qxc6 Qxc6 26. Rxc6 Rb4 27. Rxc7
Rxa4 28. Rd5 Ra8 29. Rcc5 Kg7 30. f3 h6 31. Kh2 Ra3 32. e4 Ra7 33. Kg3 Ra6 34.
h4 Re6 35. Kg4 Ra2 36. g3 Rg2 37. Re5 h5+ 38. Kh3 Rxe5 39. Rxe5 Ra2 40. g4 hxg4+
41. Kxg4 Rh2 42. Rb5 Rg2+ 43. Kh3 Rf2 44. Kg3 Ra2 45. f4 Ra3+ 46. Kg4 Kh6 47. e5
Kg7 48. h5 gxh5+ 49. Kxh5 f6 50. e6 1-0

[Event "AUTO-OPEN-4311"]
[Site "http://www.queenalice.com/game.php?id=1770569"]
[Date "2021.9.23"]
[Round "1"]
[White "Tikitaka"]
[Black "Canaye"]
[Result "1-0"]
[WhiteElo "1422"]
[BlackElo "1829"]

1. d4 e6 2. e4 d5 3. exd5 exd5 4. Nf3 Nf6 5. Bg5 Be7 6. Bd3 Nbd7 7. c3 Ne4 8.
Bxe4 Bxg5 9. Bxd5 Nb6 10. Qe2+ Be6 11. Bxb7 Rb8 12. Bc6+ Nd7 13. d5 O-O 14. dxe6
Nc5 15. exf7+ Rxf7 16. O-O Nd3 17. Bd5 Qxd5 18. Nxg5 Rxb2 19. Qe8+ Rf8 20. Qe6+
Qxe6 21. Nxe6 Rfxf2 22. Rxf2 Nxf2 23. Na3 Ne4 24. Rf1 h6 25. c4 Rxa2 26. Nb5 Nd2
27. Rf8+ Kh7 28. Rf7 Ra1+ 29. Kf2 Rf1+ 30. Ke2 Rxf7 31. Kxd2 Re7 32. Nf4 g5 33.
Nd5 Rd7 34. Nxc7 Kg6 35. Ke3 a5 36. Kd3 Rf7 37. Ke2 Rf4 38. Nxf4+ gxf4 39. Kf3
a4 40. Nb5 Kf5 41. c5 Ke6 42. c6 Ke7 43. Kxf4 a3 44. Nxa3 Kd6 45. Kf5 Kxc6 46.
Kg6 Kd6 47. Kxh6 Ke6 48. Kg6 Ke7 49. Kg7 Ke6 50. h4 Kf5 51. h5 1-0

[Event "AUTO-OPEN-4311"]
[Site "http://www.queenalice.com/game.php?id=1770592"]
[Date "2021.9.23"]
[Round "1"]
[White "RaulSoft"]
[Black "Tikitaka"]
[Result "1-0"]
[WhiteElo "2702"]
[BlackElo "1452"]

1. d4 d5 2. c4 Nf6 3. cxd5 Nxd5 4. Nf3 Bg4 5. Ne5 Bh5 6. Qa4+ c6 7. Qb3 Qb6 8.
Qh3 Nf6 9. Qc8+ Qd8 10. Qxb7 Nbd7 11. Nc3 e6 12. Nxc6 Qc8 13. Qxc8+ Rxc8 14.
Nxa7 Rc7 15. Nab5 Rb7 16. e4 Nxe4 17. Nxe4 Rxb5 18. Bxb5 Bb4+ 19. Bd2 Bxd2+ 20.
Kxd2 Ke7 21. Bxd7 Kxd7 22. a4 Rb8 23. b3 Bg6 24. Nc5+ Ke7 25. a5 e5 26. a6 Ra8
27. a7 Kd6 28. Ra6+ Kc7 29. d5 Bf5 30. Rc1 f6 31. Na4+ Kb7 32. Rb6+ 1-0

[Event "AUTO-OPEN-4311"]
[Site "http://www.queenalice.com/game.php?id=1770593"]
[Date "2021.9.23"]
[Round "1"]
[White "Tikitaka"]
[Black "RaulSoft"]
[Result "0-1"]
[WhiteElo "1426"]
[BlackElo "2715"]

1. d4 d5 2. Nf3 Nf6 3. g3 Bf5 4. Bg2 h6 5. e3 Nbd7 6. Nc3 e6 7. O-O c5 8. h3 Rc8
9. g4 Bh7 10. Nb5 a6 11. Nc3 Bd6 12. Re1 O-O 13. a3 b5 14. Ne2 Ne4 15. c3 c4 16.
Nd2 Bh2+ 17. Kxh2 Nxf2 18. Nf4 Nxd1 19. Rxd1 g5 20. Nh5 f5 21. Rf1 fxg4 22.
Rxf8+ Qxf8 23. Kg1 gxh3 24. Bxh3 Qf7 25. Ng3 Rf8 26. Ndf1 Qf2+ 27. Kh1 Nf6 28.
Bd2 Be4+ 0-1

[Event "AUTO-OPEN-4311"]
[Site "http://www.queenalice.com/game.php?id=1770606"]
[Date "2021.9.23"]
[Round "1"]
[White "SAMOEL"]
[Black "Tikitaka"]
[Result "1-0"]
[WhiteElo "2010"]
[BlackElo "1448"]

1. e4 e6 2. d4 d5 3. e5 Nc6 4. Bb5 Bd7 5. Nf3 Bb4+ 6. c3 Ba5 7. O-O Nge7 8. Bg5
O-O 9. b4 Bb6 10. a4 a6 11. Bd3 h6 12. Bh4 g5 13. Bg3 f6 14. Qe2 fxe5 15. Nxe5
Nxe5 16. Bxe5 Nf5 17. Qh5 Be8 18. Qg4 h5 19. Qe2 c6 20. Nd2 Bc7 21. Bxc7 Qxc7
22. Qxe6+ Rf7 23. Bxf5 Bd7 24. Bh7+ Kf8 25. Qh6+ Rg7 26. Bd3 h4 27. Nf3 Qf4 28.
Qh8+ Rg8 29. Qe5 Qxe5 30. Nxe5 Rd8 31. Rae1 h3 32. g3 g4 33. f3 Kg7 34. fxg4 Kh6
35. Nf7+ 1-0

[Event "AUTO-OPEN-4311"]
[Site "http://www.queenalice.com/game.php?id=1770607"]
[Date "2021.9.23"]
[Round "1"]
[White "Tikitaka"]
[Black "SAMOEL"]
[Result "0-1"]
[WhiteElo "1450"]
[BlackElo "2008"]

1. d4 d5 2. Nf3 Nc6 3. Bf4 Bg4 4. e3 Nf6 5. Be2 Ne4 6. O-O e6 7. c3 Bd6 8. Bg3
Bxg3 9. fxg3 O-O 10. Nbd2 a6 11. Nxe4 dxe4 12. Nd2 Bf5 13. Qc2 Ne7 14. g4 Bg6
15. h4 h6 16. Nxe4 Nd5 17. Bd3 Nxe3 18. Qf2 Nxf1 19. Rxf1 e5 20. h5 Bh7 21. Qe3
exd4 22. cxd4 Bxe4 23. Qxe4 Re8 24. Qh7+ Kf8 25. Qh8+ Ke7 26. Re1+ Kd7 27. Bf5+
Kc6 28. Rxe8 Qxe8 29. Qxg7 Qe3+ 30. Kh1 Re8 31. Qxf7 Qc1+ 32. Kh2 Qf4+ 33. Kh3
Re3+ 0-1

[Event "AUTO-OPEN-4318"]
[Site "http://www.queenalice.com/game.php?id=1773230"]
[Date "2021.10.26"]
[Round "1"]
[White "askasl159"]
[Black "Tikitaka"]
[Result "0-1"]
[WhiteElo "1598"]
[BlackElo "1498"]

1. e4 e6 2. Nf3 d5 3. exd5 Qxd5 4. Nc3 Qd8 5. Bc4 Bb4 6. d4 Bxc3+ 7. bxc3 Nf6 8.
O-O Ne4 9. Bd3 Nxc3 10. Qd2 Nd5 11. c4 Nf6 12. h3 Nc6 13. Bb2 O-O 14. Rfe1 a6
15. Be4 Nxe4 16. Rxe4 f5 17. Rf4 g5 18. d5 gxf4 19. Qxf4 Rf7 20. dxc6 bxc6 21.
Ne5 Qd6 22. Qg5+ Kf8 23. Nxf7 Kxf7 24. Qf6+ Ke8 25. Be5 Qe7 26. Qxe7+ Kxe7 27.
Bxc7 Ra7 28. Be5 Rb7 29. c5 Rb5 30. Bd6+ Kf6 31. a4 Rb4 32. a5 e5 33. g3 Be6 34.
Kg2 e4 35. h4 h5 36. Ra2 Bc4 37. Ra3 Bd5 38. Ra1 Rb2 39. Ra3 e3+ 0-1

[Event "AUTO-OPEN-4318"]
[Site "http://www.queenalice.com/game.php?id=1773231"]
[Date "2021.10.26"]
[Round "1"]
[White "Tikitaka"]
[Black "askasl159"]
[Result "1-0"]
[WhiteElo "1476"]
[BlackElo "1715"]

1. d4 d5 2. Nf3 Nf6 3. Bf4 g6 4. e3 Bg7 5. c3 O-O 6. Bd3 c5 7. Bxb8 Rxb8 8. O-O
cxd4 9. cxd4 Ne4 10. Bxe4 dxe4 11. Nfd2 Qd5 12. Qc2 Be6 13. Qxe4 Qxe4 14. Nxe4
Bc4 15. Re1 Bd5 16. Nc5 Rfe8 17. Nc3 Bc4 18. b3 b6 19. Nd7 Rbd8 20. bxc4 Rxd7
21. h3 e5 22. d5 e4 23. Rac1 Bxc3 24. Rxc3 a6 25. Rd1 Red8 26. Rb3 Rd6 27. Rdb1
Rc8 28. Rxb6 Rxb6 29. Rxb6 1-0

[Event "AUTO-OPEN-4318"]
[Site "http://www.queenalice.com/game.php?id=1773250"]
[Date "2021.10.26"]
[Round "1"]
[White "LMP1989"]
[Black "Tikitaka"]
[Result "1-0"]
[WhiteElo "2018"]
[BlackElo "1500"]

1. e4 e6 2. d4 d5 3. exd5 exd5 4. Nf3 Nc6 5. Bd3 Bg4 6. c3 Nf6 7. O-O Bd6 8. h3
Bh5 9. Bg5 h6 10. Bh4 O-O 11. Nbd2 Bxf3 12. Nxf3 g5 13. Bg3 Bxg3 14. fxg3 Nh7
15. Qc2 Nf6 16. g4 Kg7 17. Ne5 Nxe5 18. dxe5 Ne4 19. Bxe4 dxe4 20. Qxe4 c6 21.
Rf6 Qb6+ 22. Kh2 Rfe8 23. Qf5 Re7 24. Rf1 Rf8 25. e6 Qc7+ 26. Kh1 b6 27. exf7
Rexf7 28. Qg6+ 1-0

[Event "AUTO-OPEN-4318"]
[Site "http://www.queenalice.com/game.php?id=1773251"]
[Date "2021.10.26"]
[Round "1"]
[White "Tikitaka"]
[Black "LMP1989"]
[Result "0-1"]
[WhiteElo "1502"]
[BlackElo "2040"]

1. d4 Nf6 2. Nf3 e6 3. Bf4 Be7 4. e3 d5 5. c4 O-O 6. c5 c6 7. Nc3 Nbd7 8. Bd3
Nh5 9. Bg3 Re8 10. b4 Bf8 11. Bh4 Be7 12. Bxe7 Qxe7 13. Ne5 Nhf6 14. Nxd7 Nxd7
15. Qc2 e5 16. O-O-O e4 17. Be2 Nf6 18. h3 b6 19. g4 bxc5 20. bxc5 Qc7 21. g5
Nd7 22. h4 Qa5 23. h5 Rb8 24. h6 Qa3+ 0-1